000
00238nam a2200109Ia 4500
008
190216s9999||||xx |||||||||||||| ||und||
100
_a
Kuchhal M C
245
0
_a
Secretarial Practice
260
_b
Null
_c
1983
300
_a
631p
942
_c
BK
999
_c
5399
_d
5399